00827nam a2200265 a 45000010008000000030012000080050017000200080041000370100017000780200027000950250014001220400017001360420010001530430012001630500025001750820023002001000014002232450075002372600031003123000041003435040054003845200064004386000025005026500034005274429989NUST - PNEC20170116181118.0940512s1994 ii a b 000 0beng  a 93911673  a8172231075 :cRs295.00 aI-E-73244 aDLCcLIBRARY alcode aa-ii---00aND1010.H85bP36 199300a759.954 PALaB2201 aPal, Ila.10aBeyond the canvas :ban unfinished portrait of M.F. Husain /cIla Pal. aNew Delhi :bIndus,c1994. a284 p. :bill. (some col.) ;c25 cm. aIncludes bibliographical references (p. 283-284). aOn the life of M.F. Husain, b. 1915, famous Indian painter.10aHusain, Maqbul Fida. 0aPainterszIndiaxGeneral book